[Event "Stay Safe Play From Home 176"]
[Site "T#646357Emanuel Laske"]
[Date "2020.05.26"]
[Round "5"]
[White "Praveen prasad"]
[Black "SoulofWolf"]
[Result "1-0"]
[WhiteElo "2263"]
[BlackElo "2155"]
[Annotator "RC"]
[PlyCount "137"]
[EventDate "2020.05.26"]
[EventType "swiss (blitz)"]

1. e4 {[%emt 0:00:03]} e5 {[%emt 0:00:00]} 2. Nf3 {[%emt 0:00:01]} Nc6 {[%emt 0:00:00]} 3. Nc3 {[%emt 0:00:00]} d6 {[%emt 0:00:00]} 4. d4 {[%emt 0:00:01]} exd4 {[%emt 0:00:01]} 5. Nxd4 {[%emt 0:00:00]} Be6 {[%emt 0:00:01]} 6. Bb5 {[%emt 0:00:01]} Bd7 {[%emt 0:00:01]} 7. O-O {[%emt 0:00:01]} Be7 {[%emt 0:00:01]} 8. Re1 {[%emt 0:00:02]} Bf6 {[%emt 0:00:01]} 9. Be3 {[%emt 0:00:02]} Nge7 {[%emt 0:00:01]} 10. Nd5 {[%emt 0:00:03]} O-O {[%emt 0:00:01]} 11. Nxf6+ {[%emt 0:00:02]} gxf6 {[%emt 0:00:00]} 12. Bxc6 {[%emt 0:00:01]} Bxc6 {[%emt 0:00:01]} 13. Bh6 {[%emt 0:00:01]} Re8 {[%emt 0:00:01]} 14. Nf5 {[%emt 0:00:02]} Ng6 {[%emt 0:00:00]} 15. Qg4 {[%emt 0:00:02]} Bd7 {[%emt 0:00:06]} 16. h4 {[%emt 0:00:02]} Kh8 {[%emt 0:00:13]} 17. h5 {[%emt 0:00:01]} Rg8 {[%emt 0:00:01]} 18. hxg6 {[%emt 0:00:02]} Rxg6 {[%emt 0:00:01]} 19. Qh4 {[%emt 0:00:01]} c6 {[%emt 0:00:03]} 20. Ng3 {[%emt 0:00:01]} Be6 {[%emt 0:00:01]} 21. Bf4 {[%emt 0:00:01]} Qe7 {[%emt 0:00:01]} 22. Re3 {[%emt 0:00:01]} Rd8 {[%emt 0:00:00]} 23. Rae1 {[%emt 0:00:00]} c5 {[%emt 0:00:01]} 24. Rf3 {[%emt 0:00:01]} Bg4 {[%emt 0:00:01]} 25. Ra3 {[%emt 0:00:02]} a6 {[%emt 0:00:01]} 26. Bd2 {[%emt 0:00:01]} b5 {[%emt 0:00:01]} 27. Rae3 {[%emt 0:00:01]} Qf8 {[%emt 0:00:02]} 28. Bc3 {[%emt 0:00:01]} Qg7 {[%emt 0:00:01]} 29. f3 {[%emt 0:00:07]} b4 {[%emt 0:00:01]} 30. Bxf6 {[%emt 0:00:03]} Rxf6 {[%emt 0:00:02]} 31. Qxg4 {[%emt 0:00:01]} Rg6 {[%emt 0:00:01]} 32. Qh4 {[%emt 0:00:02]} Rxg3 {[%emt 0:00:01]} 33. Qxd8+ {[%emt 0:00:01]} Qg8 {[%emt 0:00:01]} 34. Qxg8+ {[%emt 0:00:00]} Rxg8 {[%emt 0:00:00]} 35. Kf2 {[%emt 0:00:00]} Rd8 {[%emt 0:00:01]} 36. Rd1 {[%emt 0:00:00]} Kg7 {[%emt 0:00:00]} 37. Red3 {[%emt 0:00:00]} c4 {[%emt 0:00:01]} 38. Rxd6 {[%emt 0:00:01]} Rc8 {[%emt 0:00:00]} 39. R6d5 {[%emt 0:00:00]} b3 {[%emt 0:00:00]} 40. axb3 {[%emt 0:00:01]} cxb3 {[%emt 0:00:00]} 41. c3 {[%emt 0:00:00]} Rb8 {[%emt 0:00:00]} 42. Ra5 {[%emt 0:00:00]} Rb6 {[%emt 0:00:01]} 43. Ra3 {[%emt 0:00:00]} Kf6 {[%emt 0:00:00]} 44. Rda1 {[%emt 0:00:00]} a5 {[%emt 0:00:01]} 45. Rxa5 {[%emt 0:00:01]} Kg7 {[%emt 0:00:00]} 46. R1a3 {[%emt 0:00:01]} Rb8 {[%emt 0:00:01]} 47. Rf5 {[%emt 0:00:00]} Rd8 {[%emt 0:00:01]} 48. Ra7 {[%emt 0:00:00]} Rd2+ {[%emt 0:00:00]} 49. Kg3 {[%emt 0:00:00]} Rxb2 {[%emt 0:00:01]} 50. Rfxf7+ {[%emt 0:00:00]} Kh6 {[%emt 0:00:00]} 51. Kf4 {[%emt 0:00:00]} Kg6 {[%emt 0:00:01]} 52. g4 {[%emt 0:00:01]} h5 {[%emt 0:00:01]} 53. Rg7+ {[%emt 0:00:00]} Kf6 {[%emt 0:00:01]} 54. e5+ {[%emt 0:00:00]} Ke6 {[%emt 0:00:01]} 55. Rg6+ {[%emt 0:00:00]} Kd5 {[%emt 0:00:00]} 56. Rd7+ {[%emt 0:00:00]} Kc4 {[%emt 0:00:00]} 57. e6 {[%emt 0:00:00]} Kxc3 {[%emt 0:00:00]} 58. e7 {[%emt 0:00:00]} Re2 {[%emt 0:00:01]} 59. Rc6+ {[%emt 0:00:00]} Kb2 {[%emt 0:00:01]} 60. Rc8 {[%emt 0:00:00]} Re1 {[%emt 0:00:00]} 61. e8=Q {[%emt 0:00:00]} Rxe8 {[%emt 0:00:01]} 62. Rxe8 {[%emt 0:00:00]} Ka2 {[%emt 0:00:00]} 63. Rb7 {[%emt 0:00:00]} b2 {[%emt 0:00:00]} 64. Ra8+ {[%emt 0:00:00]} Kb1 {[%emt 0:00:00]} 65. Rxb2+ {[%emt 0:00:00]} Kc1 {[%emt 0:00:00]} 66. gxh5 {[%emt 0:00:00]} Kd1 {[%emt 0:00:00]} 67. h6 {[%emt 0:00:00]} Ke1 {[%emt 0:00:00]} 68. h7 {[%emt 0:00:00]} Kf1 {[%emt 0:00:00]} 69. Ra1# {[%emt 0:00:00] (Lag: Av=0.71s, max=1.0s)} 1-0

[Event "Stay Safe Play From Home 176"]
[Site "T#646357Emanuel Laske"]
[Date "2020.05.26"]
[Round "5"]
[White "Mepe_Nika"]
[Black "Lazieri3"]
[Result "1-0"]
[WhiteElo "2241"]
[BlackElo "2023"]
[Annotator "TA"]
[PlyCount "63"]
[EventDate "2020.05.26"]
[EventType "swiss (blitz)"]

{[%evp 13,63,26,30,-14,18,11,11,11,10,7,17,13,14,-20,2,-13,-7,-23,15,0,34,37,38,29,119,120,380,387,368,353,414,329,623,658,954,954,29985,29986,29985,6379,29970,29966,29980,29981,29987,29988,29988,29989,29995,29996,29997,29997]} 1. d4 c6 2. c4 d5 3. cxd5 cxd5 4. Nc3 Nf6 5. Nf3 g6 6. Bf4 Bg7 7. e3 O-O 8. Ne5 {D90: Grünfeld: 4 Nf3 Bg7 sidelines.} Nc6 9. Be2 Nxe5 10. Bxe5 {The position is equal.} Ne4 11. Bxg7 {[#]} Kxg7 $146 ({Predecessor:} 11... Nxc3 12. bxc3 Kxg7 13. O-O Be6 14. Qb3 Qc7 15. a4 Rac8 16. Rfc1 Rfd8 {½-½ (16) Meduna,E (2369)-Lechtynsky,J (2360) Zamecke 2014}) 12. Nxe4 dxe4 13. h4 Be6 14. h5 Rc8 15. h6+ Kh8 16. O-O f6 17. Qa4 a6 18. Rac1 Rxc1 (18... Qd6 $11 {remains equal.}) 19. Rxc1 $16 Qd7 $2 {[%mdl 8192] This costs Black the game.} (19... Kg8 $16 {was worth a try.}) 20. Qxd7 $18 Bxd7 {[%mdl 4096] Endgame KRB-KRB} 21. Rc7 $1 {[%csl LRb7,LRd7][%mdl 64] [#] Double Attack} Bc6 22. Rxe7 f5 $2 (22... b5 23. Re6 Bb7) 23. Bc4 g5 24. d5 Bb5 25. Bxb5 axb5 26. Rxb7 {KR-KR} (26. d6 $142 f4 27. d7 Kg8 {[#]} 28. Re8 $1 {[%mdl 512]} Kf7 29. Rxf8+ Kxf8 30. d8=Q+ {[%mdl 64] Double Attack} Kf7 31. Qxg5 {[%mdl 64] Double Attack}) 26... f4 27. d6 {White mates.} fxe3 28. fxe3 g4 29. d7 Kg8 30. Rc7 Kf7 31. d8=Q+ Ke6 32. Qxf8 {Accuracy: White = 88%, Black = 36%.} 1-0

[Event "Stay Safe Play From Home 176"]
[Site "T#646357Emanuel Laske"]
[Date "2020.05.26"]
[Round "5"]
[White "Tunca"]
[Black "Eidgenosse"]
[Result "0-1"]
[WhiteElo "1881"]
[BlackElo "2421"]
[Annotator "TA"]
[PlyCount "98"]
[EventDate "2020.05.26"]
[EventType "swiss (blitz)"]

{[%evp 14,98,-15,-13,60,-3,15,0,40,10,15,6,2,8,28,22,40,29,88,25,39,0,28,39,42,37,58,23,40,14,27,25,51,18,21,6,6,8,17,15,42,18,18,12,13,19,50,30,39,41,62,24,41,0,0,0,21,0,31,23,159,10,306,296,315,150,519,263,393,-351,156,-11,320,316,290,254,403,0,0,-769,-516,-29981,-29982,-29990,-29991,-29992,-29992]} 1. e4 c5 2. Nf3 Nc6 3. d4 cxd4 4. Nxd4 Nf6 5. Nc3 e5 6. Nb3 Bb4 7. Bd3 O-O 8. O-O a6 {B33: Sicilian: Pelikan and Sveshnikov Variations.} ({Black should play} 8... Bxc3 $11 9. bxc3 d6) 9. Bd2 (9. Nd5 $14) 9... h6 10. a3 Be7 {[#] The position is equal.} (10... Bxc3 $5 11. Bxc3 d6 $11) 11. Be3 $146 ({Predecessor:} 11. Qe2 d6 12. Rad1 Be6 13. Bc4 Rc8 14. Nd5 b5 15. Nxf6+ Bxf6 16. Bxe6 fxe6 17. Qg4 {0-1 (33) Tabba,M-Bilek,I Nice 1974}) 11... d6 $1 12. f3 Be6 13. Qe2 d5 14. exd5 Nxd5 15. Nxd5 Qxd5 (15... Bxd5 $11 {keeps the balance.} 16. Rad1 Qc7) 16. Be4 ({Better is} 16. Rfd1 $16 {And now Bh7+! would win.} Nd4 17. Nxd4 exd4 18. Be4) 16... Qb5 17. Bd3 Qa4 18. Nc5 Bxc5 $1 19. Bxc5 Rfe8 20. b3 Qh4 21. Bf2 Qh5 22. Qe4 {Qh7+ would kill now.} g6 23. Qe2 Rad8 24. Be4 Bd5 25. Rad1 Bxe4 26. Qxe4 Qf5 27. Qxf5 gxf5 28. Bb6 Rxd1 29. Rxd1 $11 {[%mdl 4096] Endgame KRB-KRN} Re7 30. Rd5 Kg7 31. Kf2 Kf6 32. Rd6+ (32. Bc5 {looks sharper.} Re6 33. Rd7 b5 34. Ke3 h5 35. g3) 32... Re6 33. Rxe6+ (33. Rd2 {feels hotter.} f4 34. g3 Kf5 35. a4 Re8 36. Rd7) 33... Kxe6 $14 {KB-KN} 34. Ke2 Kd5 35. Bc7 e4 36. Ke3 b5 (36... exf3 $1 $11 37. c4+ (37. gxf3 b5 $11) 37... Kc5 38. gxf3 b5) 37. Bf4 (37. fxe4+ $16 fxe4 38. g4) 37... Nd8 $2 {[%mdl 8192]} (37... exf3 $1 $11 {and Black has nothing to worry.} 38. gxf3 h5) 38. Bxh6 $18 Ne6 {[#]} 39. Bf4 (39. c4+ $1 $18 {[%mdl 512] is more deadly.} Ke5 (39... bxc4 40. bxc4+) 40. g3) 39... a5 $2 (39... exf3 $16 {is a better chance.} 40. gxf3 (40. Kxf3 Nd4+ {[%mdl 64] Double Attack} 41. Kf2 Nxc2 $14) 40... Nd4) 40. Bb8 a4 (40... exf3 {was worth a try.} 41. gxf3 (41. Kxf3 Kd4 $16) 41... Ng7) 41. Ba7 $4 {[%mdl 8192] [#]} (41. bxa4 $18 {and life is good for White.} f4+ 42. Bxf4 exf3 43. Kxf3 bxa4 44. h4) 41... f4+ $2 {[#]} ({Black should try} 41... b4 $1 $19 {[%mdl 512]} 42. c4+ (42. axb4 $2 a3 $19) 42... Kc6) 42. Ke2 $2 (42. Kd2 $1 $16) 42... e3 $2 {[%mdl 8192] [#]} (42... exf3+ $11 43. gxf3 (43. Kxf3 $2 b4 $19) 43... b4) 43. bxa4 $1 bxa4 {Now ...Kc4 and Black clings on.} 44. Bb8 f5 (44... Nd4+ $142 45. Kd3 e2 46. c4+ Kc6) 45. g3 $2 (45. h4 $18) 45... Nd4+ $11 46. Ke1 $2 {[%mdl 8192]} (46. Kd3 $11 e2 47. c4+ Kc5 48. Kd2 (48. Ba7+ Kc6 $11)) 46... Nxf3+ $19 47. Ke2 (47. Kd1 $19 fxg3 48. hxg3) 47... Nd4+ {[%mdl 64] Double Attack. Black mates.} 48. Ke1 f3 49. Bf4 Ke4 {Accuracy: White = 44%, Black = 46%.} 0-1

[Event "Stay Safe Play From Home 176"]
[Site "T#646357Emanuel Laske"]
[Date "2020.05.26"]
[Round "5"]
[White "Mest"]
[Black "Fischer_11"]
[Result "0-1"]
[WhiteElo "1719"]
[BlackElo "1923"]
[Annotator "NA"]
[PlyCount "108"]
[EventDate "2020.05.26"]
[EventType "swiss (blitz)"]

1. e4 {[%emt 0:00:01]} Nf6 {[%emt 0:00:01]} 2. Nc3 {[%emt 0:00:00]} d5 {[%emt 0:00:01]} 3. d4 {[%emt 0:00:01]} dxe4 {[%emt 0:00:01]} 4. Nge2 {[%emt 0:00:01]} e5 {[%emt 0:00:01]} 5. d5 {[%emt 0:00:02]} c6 {[%emt 0:00:01]} 6. dxc6 {[%emt 0:00:02]} Nxc6 {[%emt 0:00:00]} 7. Ng3 {[%emt 0:00:02]} Qxd1+ {[%emt 0:00:01]} 8. Nxd1 {[%emt 0:00:02]} Bg4 {[%emt 0:00:02]} 9. c3 {[%emt 0:00:06]} Bxd1 {[%emt 0:00:03]} 10. Kxd1 {[%emt 0:00:00]} O-O-O+ {[%emt 0:00:00]} 11. Kc2 {[%emt 0:00:01]} Bc5 {[%emt 0:00:03]} 12. f3 {[%emt 0:00:03]} exf3 {[%emt 0:00:01]} 13. gxf3 {[%emt 0:00:01]} Rhe8 {[%emt 0:00:02]} 14. Bd3 {[%emt 0:00:01]} Nd5 {[%emt 0:00:05]} 15. Bg5 {[%emt 0:00:02]} f6 {[%emt 0:00:01]} 16. Bd2 {[%emt 0:00:01]} g6 {[%emt 0:00:02]} 17. Rae1 {[%emt 0:00:01]} f5 {[%emt 0:00:03]} 18. Rhf1 {[%emt 0:00:07]} Bd6 {[%emt 0:00:01]} 19. Ne2 {[%emt 0:00:01]} Nf6 {[%emt 0:00:04]} 20. Nc1 {[%emt 0:00:02]} Re7 {[%emt 0:00:02]} 21. Bb5 {[%emt 0:00:01]} Rde8 {[%emt 0:00:01]} 22. Bg5 {[%emt 0:00:01]} Re6 {[%emt 0:00:01]} 23. Bxc6 {[%emt 0:00:01]} bxc6 {[%emt 0:00:01]} 24. Nd3 {[%emt 0:00:01]} e4 {[%emt 0:00:02]} 25. Nf4 {[%emt 0:00:03]} Bxf4 {[%emt 0:00:01]} 26. Bxf4 {[%emt 0:00:02]} exf3 {[%emt 0:00:01]} 27. Rxe6 {[%emt 0:00:01]} Rxe6 {[%emt 0:00:00]} 28. Rxf3 {[%emt 0:00:01]} Nd5 {[%emt 0:00:02]} 29. Kb3 {[%emt 0:00:02]} Nxf4 {[%emt 0:00:02]} 30. Rxf4 {[%emt 0:00:00]} Kd7 {[%emt 0:00:01]} 31. h4 {[%emt 0:00:00]} Kd6 {[%emt 0:00:01]} 32. Rd4+ {[%emt 0:00:00]} Ke5 {[%emt 0:00:01]} 33. Ra4 {[%emt 0:00:00]} h6 {[%emt 0:00:01]} 34. Rxa7 {[%emt 0:00:01]} g5 {[%emt 0:00:00]} 35. hxg5 {[%emt 0:00:03]} hxg5 {[%emt 0:00:00]} 36. Rh7 {[%emt 0:00:01]} g4 {[%emt 0:00:00]} 37. Rh1 {[%emt 0:00:00]} g3 {[%emt 0:00:01]} 38. Re1+ {[%emt 0:00:00]} Kf6 {[%emt 0:00:01]} 39. Rg1 {[%emt 0:00:01]} f4 {[%emt 0:00:01]} 40. Kc2 {[%emt 0:00:00]} Kf5 {[%emt 0:00:00]} 41. Kd3 {[%emt 0:00:00]} Kg4 {[%emt 0:00:00]} 42. c4 {[%emt 0:00:01]} f3 {[%emt 0:00:01]} 43. b4 {[%emt 0:00:00]} f2 {[%emt 0:00:01]} 44. Rf1 {[%emt 0:00:01]} Kf3 {[%emt 0:00:00]} 45. Rxf2+ {[%emt 0:00:01]} Kxf2 {[%emt 0:00:01]} 46. Kd4 {[%emt 0:00:00]} g2 {[%emt 0:00:00]} 47. Kc5 {[%emt 0:00:00]} g1=Q {[%emt 0:00:01]} 48. Kb6 {[%emt 0:00:00]} Qg5 {[%emt 0:00:00]} 49. c5 {[%emt 0:00:00]} Qe5 {[%emt 0:00:01]} 50. a4 {[%emt 0:00:00]} Qd5 {[%emt 0:00:00]} 51. b5 {[%emt 0:00:01]} cxb5+ {[%emt 0:00:01]} 52. Kxb5 {[%emt 0:00:01]} Qe5 {[%emt 0:00:00]} 53. a5 {[%emt 0:00:00]} Qe4 {[%emt 0:00:00]} 54. c6 {[%emt 0:00:01]} Qe3 {[%emt 0:00:00] Zaman (Lag: Av=0.46s, max=1.0s)} 0-1

[Event "Stay Safe Play From Home 176"]
[Site "T#646357Emanuel Laske"]
[Date "2020.05.26"]
[Round "5"]
[White "matanant"]
[Black "Trotsky"]
[Result "1-0"]
[WhiteElo "1690"]
[BlackElo "1590"]
[Annotator "NA RC"]
[PlyCount "57"]
[EventDate "2020.05.26"]
[EventType "swiss (blitz)"]

1. e4 {[%emt 0:00:03]} c5 {[%emt 0:00:01]} 2. f4 {[%emt 0:00:00]} e6 {[%emt 0:00:00]} 3. Nf3 {[%emt 0:00:01]} d5 {[%emt 0:00:01]} 4. e5 {[%emt 0:00:01]} Nc6 {[%emt 0:00:01]} 5. c3 {[%emt 0:00:00]} Qc7 {[%emt 0:00:01]} 6. d4 {[%emt 0:00:01]} c4 {[%emt 0:00:01]} 7. Be3 {[%emt 0:00:02]} Bd7 {[%emt 0:00:01]} 8. Be2 {[%emt 0:00:01]} O-O-O {[%emt 0:00:01]} 9. O-O {[%emt 0:00:01]} f6 {[%emt 0:00:00]} 10. b4 {[%emt 0:00:01]} fxe5 {[%emt 0:00:01]} 11. fxe5 {[%emt 0:00:01]} h5 {[%emt 0:00:01]} 12. a4 {[%emt 0:00:01]} Nh6 {[%emt 0:00:05]} 13. a5 {[%emt 0:00:01]} Ng4 {[%emt 0:00:02]} 14. b5 {[%emt 0:00:01]} Ncxe5 {[%emt 0:00:02]} 15. Nxe5 {[%emt 0:00:02]} Bd6 {[%emt 0:00:04]} 16. Bd2 {[%emt 0:00:04]} Bxe5 {[%emt 0:00:01]} 17. dxe5 {[%emt 0:00:01]} Qxe5 {[%emt 0:00:01]} 18. Bf4 {[%emt 0:00:01]} Qf6 {[%emt 0:00:10]} 19. Bc7 {[%emt 0:00:02]} Qh4 {[%emt 0:00:07]} 20. h3 {[%emt 0:00:06]} Rdg8 {[%emt 0:00:06]} 21. Bxg4 {[%emt 0:00:02]} hxg4 {[%emt 0:00:01]} 22. Qxg4 {[%emt 0:00:01]} Qe7 {[%emt 0:00:04]} 23. b6 {[%emt 0:00:02]} a6 {[%emt 0:00:01]} 24. Nd2 {[%emt 0:00:03]} e5 {[%emt 0:00:01]} 25. Qg3 {[%emt 0:00:04]} Bxh3 {[%emt 0:00:01]} 26. Nf3 {[%emt 0:00:00]} Bxg2 {[%emt 0:00:01]} 27. Qxg2 {[%emt 0:00:01]} Rh7 {[%emt 0:00:01]} 28. Nxe5 {[%emt 0:00:01]} Rgh8 {[%emt 0:00:01]} 29. Qg4+ {[%emt 0:00:01] Âðåìÿ (Lag: Av=0.56s, max=0.9s)} 1-0

[Event "Stay Safe Play From Home 176"]
[Site "T#646357Emanuel Laske"]
[Date "2020.05.26"]
[Round "5"]
[White "Andrei_2011 Alex"]
[Black "Justwatch"]
[Result "1-0"]
[WhiteElo "1620"]
[BlackElo "1723"]
[Annotator "NA"]
[PlyCount "47"]
[EventDate "2020.05.26"]
[EventType "swiss (blitz)"]

1. d3 {[%emt 0:00:03]} Nf6 {[%emt 0:00:00]} 2. c4 {[%emt 0:00:04]} g6 {[%emt 0:00:00]} 3. Nc3 {[%emt 0:00:01]} Bg7 {[%emt 0:00:00]} 4. Bg5 {[%emt 0:00:03]} O-O {[%emt 0:00:00]} 5. Nf3 {[%emt 0:00:01]} d6 {[%emt 0:00:00]} 6. e3 {[%emt 0:00:01]} Nc6 {[%emt 0:00:00]} 7. Be2 {[%emt 0:00:01]} a6 {[%emt 0:00:00]} 8. O-O {[%emt 0:00:01]} Bg4 {[%emt 0:00:03]} 9. Qc2 {[%emt 0:00:00]} Bxf3 {[%emt 0:00:01]} 10. Bxf3 {[%emt 0:00:01]} Ne5 {[%emt 0:00:01]} 11. Bf4 {[%emt 0:00:03]} Nxf3+ {[%emt 0:00:01]} 12. gxf3 {[%emt 0:00:00]} e5 {[%emt 0:00:01]} 13. Bg3 {[%emt 0:00:01]} Nh5 {[%emt 0:00:00]} 14. d4 {[%emt 0:00:03]} Nxg3 {[%emt 0:00:00]} 15. fxg3 {[%emt 0:00:01]} exd4 {[%emt 0:00:00]} 16. exd4 {[%emt 0:00:01]} Qg5 {[%emt 0:00:00]} 17. Qd3 {[%emt 0:00:01]} Rae8 {[%emt 0:00:02]} 18. d5 {[%emt 0:00:02]} Re3 {[%emt 0:00:03]} 19. Qd2 {[%emt 0:00:03]} Rfe8 {[%emt 0:00:02]} 20. Rae1 {[%emt 0:00:02]} Rxe1 {[%emt 0:00:02]} 21. Qxg5 {[%emt 0:00:02]} Rxf1+ {[%emt 0:00:00]} 22. Kxf1 {[%emt 0:00:00]} Bd4 {[%emt 0:00:00]} 23. Qd2 {[%emt 0:00:03]} Re5 {[%emt 0:00:00]} 24. Qxd4 {[%emt 0:00:02] Justwatch terk eder (Lag: Av=0.71s, max=1.0s)} 1-0

[Event "Stay Safe Play From Home 176"]
[Site "T#646357Emanuel Laske"]
[Date "2020.05.26"]
[Round "6"]
[White "Eidgenosse"]
[Black "Praveen prasad"]
[Result "1-0"]
[WhiteElo "2423"]
[BlackElo "2275"]
[Annotator "TA"]
[PlyCount "61"]
[EventDate "2020.05.26"]
[EventType "swiss (blitz)"]

{[%evp 9,61,16,40,40,47,31,286,282,379,379,500,505,530,533,514,534,546,529,544,531,535,546,544,497,492,461,577,550,600,604,613,544,620,487,483,415,438,433,531,503,533,536,674,665,681,649,675,669,1131,1109,1233,1220,29986,29987]} 1. Nf3 d5 2. g3 Bg4 3. Bg2 Bxf3 4. exf3 c6 5. O-O Nf6 6. f4 {[#] A07: Réti Opening: New York and Capablanca Systems.} Nbd7 $146 ({Predecessor:} 6... e6 7. Re1 Be7 8. f5 exf5 9. Qe2 Kf8 10. d4 h6 11. Nd2 Nbd7 12. Nf3 Ne4 {1-0 (36) Parals Marce,L (2061)-Mato Bonany,J (1840) Palafrugel 2017}) 7. c3 e5 $2 {[%mdl 8192] [#]} ({Black should try} 7... e6 $14) 8. fxe5 $1 $18 {White has a decisive advantage.} Nxe5 {[#]} 9. Re1 $1 ({Not} 9. d4 Ng6 $16) 9... Bd6 10. d4 {[%mdl 64] Pin} Ne4 11. dxe5 Bc5 12. Bxe4 dxe4 13. Qe2 O-O 14. Be3 Be7 15. Nd2 Qa5 16. Nxe4 Qxe5 17. Nd2 Qa5 18. Nc4 Qb5 19. a4 Qf5 20. Rad1 {[%cal Ba1d1,Bd1d4,Bd4d6][%mdl 32]} Rfe8 21. Qf1 Bf8 22. Qg2 Qg4 23. b3 a5 24. Rd4 Qg6 25. Red1 b5 26. Nd6 Bxd6 27. Rxd6 {[%mdl 64] Double Attack} Qc2 28. Qxc6 h6 29. axb5 Rac8 30. Qd5 Qxb3 31. Qxb3 {Black did not feel at home in the position after the opening. Accuracy: White = 92%, Black = 34%.} 1-0

[Event "Stay Safe Play From Home 176"]
[Site "T#646357Emanuel Laske"]
[Date "2020.05.26"]
[Round "6"]
[White "SoulofWolf"]
[Black "Mest"]
[Result "0-1"]
[WhiteElo "2143"]
[BlackElo "1711"]
[Annotator "RC"]
[PlyCount "30"]
[EventDate "2020.05.26"]
[EventType "swiss (blitz)"]

1. c4 {[%emt 0:00:00]} d5 {[%emt 0:00:00]} 2. Nf3 {[%emt 0:00:00]} dxc4 {[%emt 0:00:01]} 3. e3 {[%emt 0:00:00]} Nf6 {[%emt 0:00:00]} 4. Bxc4 {[%emt 0:00:01]} g6 {[%emt 0:00:00]} 5. O-O {[%emt 0:00:00]} Bg7 {[%emt 0:00:00]} 6. d4 {[%emt 0:00:00]} O-O {[%emt 0:00:01]} 7. Nbd2 {[%emt 0:00:00]} b6 {[%emt 0:00:00]} 8. a3 {[%emt 0:00:00]} Bb7 {[%emt 0:00:00]} 9. b4 {[%emt 0:00:00]} Nbd7 {[%emt 0:00:01]} 10. Bb2 {[%emt 0:00:00]} Re8 {[%emt 0:00:01]} 11. Rc1 {[%emt 0:00:01]} a6 {[%emt 0:00:01]} 12. Ng5 {[%emt 0:00:01]} e6 {[%emt 0:00:02]} 13. Bb3 {[%emt 0:00:01]} Nh5 {[%emt 0:00:02]} 14. Qc2 {[%emt 0:00:02]} Qxg5 {[%emt 0:00:02]} 15. f4 {[%emt 0:00:00]} Qxg2# {[%emt 0:00:01] (Lag: Av=0.56s, max=0.7s)} 0-1

[Event "Stay Safe Play From Home 176"]
[Site "T#646357Emanuel Laske"]
[Date "2020.05.26"]
[Round "6"]
[White "Fischer_11"]
[Black "Tunca"]
[Result "0-1"]
[WhiteElo "1931"]
[BlackElo "1879"]
[Annotator "NA"]
[PlyCount "114"]
[EventDate "2020.05.26"]
[EventType "swiss (blitz)"]

1. e4 {[%emt 0:00:01]} Nf6 {[%emt 0:00:01]} 2. Nc3 {[%emt 0:00:01]} e6 {[%emt 0:00:01]} 3. Bc4 {[%emt 0:00:02]} Bb4 {[%emt 0:00:01]} 4. d3 {[%emt 0:00:01]} d5 {[%emt 0:00:01]} 5. exd5 {[%emt 0:00:00]} exd5 {[%emt 0:00:01]} 6. Bb3 {[%emt 0:00:04]} O-O {[%emt 0:00:01]} 7. Bd2 {[%emt 0:00:01]} Re8+ {[%emt 0:00:00]} 8. Nge2 {[%emt 0:00:01]} Bf5 {[%emt 0:00:02]} 9. O-O {[%emt 0:00:01]} c6 {[%emt 0:00:02]} 10. Ng3 {[%emt 0:00:01]} Bg6 {[%emt 0:00:01]} 11. Re1 {[%emt 0:00:00]} Nbd7 {[%emt 0:00:01]} 12. Rxe8+ {[%emt 0:00:02]} Qxe8 {[%emt 0:00:00]} 13. Qe1 {[%emt 0:00:00]} Bd6 {[%emt 0:00:03]} 14. Qxe8+ {[%emt 0:00:02]} Rxe8 {[%emt 0:00:00]} 15. Re1 {[%emt 0:00:01]} Rxe1+ {[%emt 0:00:02]} 16. Bxe1 {[%emt 0:00:00]} Nc5 {[%emt 0:00:03]} 17. Nce2 {[%emt 0:00:01]} Nxb3 {[%emt 0:00:01]} 18. axb3 {[%emt 0:00:00]} Be5 {[%emt 0:00:01]} 19. d4 {[%emt 0:00:01]} Bd6 {[%emt 0:00:01]} 20. c3 {[%emt 0:00:01]} Bc2 {[%emt 0:00:03]} 21. b4 {[%emt 0:00:01]} Bb3 {[%emt 0:00:01]} 22. Bd2 {[%emt 0:00:01]} Bc4 {[%emt 0:00:01]} 23. Bf4 {[%emt 0:00:02]} Be7 {[%emt 0:00:03]} 24. Nf5 {[%emt 0:00:02]} Kf8 {[%emt 0:00:03]} 25. Nxe7 {[%emt 0:00:01]} Kxe7 {[%emt 0:00:00]} 26. Ng3 {[%emt 0:00:05]} Ne4 {[%emt 0:00:03]} 27. Nxe4 {[%emt 0:00:01]} dxe4 {[%emt 0:00:00]} 28. f3 {[%emt 0:00:02]} Bd5 {[%emt 0:00:03]} 29. Kf2 {[%emt 0:00:02]} Ke6 {[%emt 0:00:02]} 30. Ke3 {[%emt 0:00:03]} exf3 {[%emt 0:00:03]} 31. gxf3 {[%emt 0:00:00]} Kf5 {[%emt 0:00:02]} 32. Bg3 {[%emt 0:00:01]} f6 {[%emt 0:00:01]} 33. f4 {[%emt 0:00:02]} b6 {[%emt 0:00:03]} 34. Kd3 {[%emt 0:00:01]} a5 {[%emt 0:00:01]} 35. bxa5 {[%emt 0:00:01]} bxa5 {[%emt 0:00:00]} 36. c4 {[%emt 0:00:01]} Be4+ {[%emt 0:00:00]} 37. Ke3 {[%emt 0:00:01]} Bc2 {[%emt 0:00:01]} 38. h3 {[%emt 0:00:03]} Bb3 {[%emt 0:00:01]} 39. Kd3 {[%emt 0:00:01]} a4 {[%emt 0:00:01]} 40. Kc3 {[%emt 0:00:01]} Ke4 {[%emt 0:00:00]} 41. Bh2 {[%emt 0:00:02]} Kf3 {[%emt 0:00:02]} 42. f5 {[%emt 0:00:00]} Kg2 {[%emt 0:00:01]} 43. Bd6 {[%emt 0:00:00]} Kxh3 {[%emt 0:00:01]} 44. Bf8 {[%emt 0:00:00]} Kg4 {[%emt 0:00:01]} 45. Bxg7 {[%emt 0:00:01]} Kxf5 {[%emt 0:00:00]} 46. Bh8 {[%emt 0:00:01]} h5 {[%emt 0:00:00]} 47. d5 {[%emt 0:00:01]} h4 {[%emt 0:00:00]} 48. d6 {[%emt 0:00:01]} Ke6 {[%emt 0:00:01]} 49. d7 {[%emt 0:00:00]} Kxd7 {[%emt 0:00:01]} 50. Bxf6 {[%emt 0:00:00]} h3 {[%emt 0:00:01]} 51. Be5 {[%emt 0:00:01]} Ke6 {[%emt 0:00:01]} 52. Bh2 {[%emt 0:00:00]} Kf5 {[%emt 0:00:00]} 53. Kb4 {[%emt 0:00:00]} Kg4 {[%emt 0:00:00]} 54. Kc3 {[%emt 0:00:00]} Kf3 {[%emt 0:00:00]} 55. Bd6 {[%emt 0:00:00]} Kg2 {[%emt 0:00:00]} 56. Be5 {[%emt 0:00:00]} h2 {[%emt 0:00:00]} 57. Bxh2 {[%emt 0:00:00]} Kxh2 {[%emt 0:00:00] Zeit (Lag: Av=0.35s, max=0.5s)} 0-1